00885nam a2200241 i 450000100060000000300090000600500170001500700030003200800410003502000180007608000220009411100430011624501320015925000720029126000570036330000320042049000450045250000150049750000340051270000340054683000420058085200210062210433ES-MaACL20250808062708.0t|950615s1993 sp ||||1| spa d a84-7914-078-X a262.5 Vaticano II2 aConcilio Vaticano (n2º. d1962-1965)10aConcilio Ecuménico Vaticano II b: constituciones, decretos, declaraciones / cpresentación de Ángel Suquía Goicoechea. aEd. bilingüe patrocinada por la Conferencia Episcopal Española. aMadrid : bBiblioteca de Autores Cristianos, c1993. aXL, 1295 p.,1 h. ; c20 cm.1 aBiblioteca de autores cristianos ; v526 aÍndices. aTexto en latín y español.1 aSuquía Goicoechea, Ángel.00aBiblioteca de autores cristianosv526 aES-MaACLjJ-513